000 00896nam a2200277 a 4500
001 1429
003 BR-CuiBMT
005 20231208004614.0
008 231128s1999 dfba 000 0 por d
020 _a8585975040
040 _aBR-CuiBMT
_cBR-CuiBMT
080 _a336.5
_22007
090 _a336.5
_bC735
245 0 0 _aComo medir o déficit público :
_bquestões analíticas e metodológicas /
_corganizadores Mario I. Blejer, Adrienne Cheasty ; tradução: Kátia A. Roque.
260 _aBrasília :
_bSecretaria do Tesouro Nacional,
_c1999.
300 _a464 p. :
_bil. ;
_c21 cm
504 _aInclui bibliografia.
650 _aDéficit pública
_zBrasil
650 _aPolítica fiscal
650 _aOrçamento público
650 _aDespesa pública
700 1 _aBecker, Mario I.
_eorg.
700 1 _aCheasty, Adrienne
_eorg.
700 1 _aRoque, Kátia A.
_etrad.
942 _2udc
_cLV
999 _c1429
_d1429